Imagología. (Registro nro. 437074)

Detalles MARC
000 -LÍDER
Campo fijo de descripción fija 00702nam a22002537a 4500
003 - IDENTIFICADOR DEL NÚMERO DE CONTROL
Campo de control BCEG
005 - FECHA Y HORA DE LA ULTIMA TRANSACCIÓN
control field 20260204120606.0
008 - ELEMENTOS DE LONGITUD FIJA -- INFORMACIÓN GENERAL
Campo fijo de descripción fija -- Información general 260204s2003 mx a||||||||||||||||spa|d
020 ## - ISBN
Isbn 9789707809758
040 ## - FUENTE DE CATALOGACIÓN
Agencia de catalogación original BCEG
Idioma de catalogación spa
Agencia que realiza la transcripción BCEG
082 04 - NÚMERO DE CLASIFICACIÓN DECIMAL DEWEY
Número de clasificación 158.1
Clave de autor-Numero de item G661i
100 1# - ASIENTO PRINCIPAL--NOMBRE PERSONAL
Nombre del autor personal Gordoa, Víctor.
245 10 - TÍTULO PROPIAMENTE DICHO
Título Imagología.
260 ## - PUBLICACIÓN, DISTRIBUCIÓN, ETC. (PIE DE IMPRENTA)
Lugar de publicación, distribución, etc. México :
Nombre del editor, distribuidor, etc. DeBolsillo,
Fecha de publicación, distribución, etc. 2007.
300 ## - DESCRIPCIÓN FÍSICA
Extensión 397 p. :
Otros detalles físicos il.
500 ## - NOTA GENERAL
Nota General Todo lo que necesita saber para crear su Imagen Pública --En cubierta.
504 ## - NOTA DE BIBLIOGRAFÍA, ETC.
Nota de bibliografía, etc Incluye bibliografía.
541 ## - NOTA DE FUENTE INMEDIATA DE ADQUISICIÓN
Nota de fuente de adquisición Donación.
650 14 - ASIENTO SECUNDARIO DE MATERIA - TERMINO TEMÁTICO
Término temático o nombre geográfico como elemento de entrada Imagen corporal.
650 14 - ASIENTO SECUNDARIO DE MATERIA - TERMINO TEMÁTICO
Término temático o nombre geográfico como elemento de entrada Éxito.
650 14 - ASIENTO SECUNDARIO DE MATERIA - TERMINO TEMÁTICO
Término temático o nombre geográfico como elemento de entrada Autorrealización (Psicología).
700 1# - ASIENTO SECUNDARIO - NOMBRE PERSONAL
Nombre personal Murillo, Ivonne,
Función o responsabilidad del autor il.
942 ## - TIPO DE MATERIAL (KOHA)
Tipo de Item KOHA Libro
Existencias
No para Préstamo Colección Biblioteca de Origen Biblioteca Permanente Fecha de Adquisición Fuente de Adquisicion Total de Préstamos Signatura Topográfica Código de Barras Última vez visto Tipo de Material
Material en Reserva General Biblioteca Central Estatal de Guanajuato, "Wigberto Jiménez Moreno" Biblioteca Central Estatal de Guanajuato, "Wigberto Jiménez Moreno" 04/02/2026 DONAD   158.1 G661i BCEG8655230783 04/02/2026 Libro